000 00570nam a2200181Ia 4500
008 090124s9999 xx 000 0 und d
082 _b124123
100 _aपंडित बाळ ज.
245 _a असे सामने असे खेळाडू
250 _a1
260 _c1990
300 _a185
600 _aपंडित बाळ ज.
630 _a असे सामने असे खेळाडू
700 _aपंडित बाळ ज.
730 _a असे सामने असे खेळाडू
942 _cBOOK
999 _c170210
_d170210